[Event "21st Panam-ch"]
[Site "Mar del Plata ARG"]
[Date "2012.10.14"]
[Round "3.86"]
[White "Perez Wertheim, Rodolfo"]
[Black "Aguero Arce, Matias"]
[Result "1/2-1/2"]
[WhiteElo "2015"]
[BlackElo "1633"]
[EventDate "2012.10.12"]
[PlyCount "112"]

1.d4 Nf6 2.Nf3 e6 3.Bf4 d5 4.e3 Bd6 5.c3 O-O 6.Nbd2 Nbd7 7.Bd3 Re8 8.Qc2 
e5 9.dxe5 Nxe5 10.Nxe5 Bxe5 11.Bxe5 Rxe5 12.O-O-O h6 13.e4 dxe4 14.Nxe4 
Nxe4 15.Bxe4 Qe7 16.f3 Bf5 17.Bxf5 Qg5+ 18.Kb1 Qxf5 19.Qxf5 Rxf5 20.Rd7 
Rg5 21.g3 Rc8 22.Re1 Rf5 23.f4 b5 24.Ree7 a5 25.Rxc7 Rxc7 26.Rxc7 g5 27.
fxg5 hxg5 28.Rd7 Kg7 29.Kc2 a4 30.b3 Kg6 31.bxa4 bxa4 32.c4 Kf6 33.Kc3 Ke6
34.Rd2 Rc5 35.Kb4 Rc8 36.c5 f5 37.Rc2 Kd5 38.Kb5 f4 39.gxf4 gxf4 40.h4 f3 
41.Kb6 Rc6+ 42.Kb5 Rc8 43.Rd2+ Ke4 44.c6 Ke3 45.Rc2 f2 46.Rc3+ Kd2 47.Rf3 
Ke2 48.Rf7 f1=Q 49.Rxf1 Kxf1 50.Kb6 Kg2 51.Kb7 Rh8 52.c7 Kg3 53.h5 Kg4 54.
h6 Kg5 55.c8=Q Rxc8 56.Kxc8 Kxh6 1/2-1/2

[Event "21st Panam-ch"]
[Site "Mar del Plata ARG"]
[Date "2012.10.14"]
[Round "3.88"]
[White "Nicosia, Mariano"]
[Black "Brizzi, Victor Emmanuel"]
[Result "0-1"]
[WhiteElo "1562"]
[BlackElo "1930"]
[EventDate "2012.10.12"]
[PlyCount "28"]

1.e4 c5 2.Nf3 e6 3.Nc3 d6 4.Be2 Nf6 5.d3 Be7 6.Bg5 Nc6 7.a3 a6 8.O-O b5 9.
d4 cxd4 10.Nxd4 Bb7 11.b4 Qc7 12.f4 Qb6 13.Bxf6 Bxf6 14.Kh1 Qxd4 0-1

[Event "21st Panam-ch"]
[Site "Mar del Plata ARG"]
[Date "2012.10.14"]
[Round "3.89"]
[White "Farias, Sergio Luiz Cardoso"]
[Black "Bilbao, Guillermo"]
[Result "1-0"]
[WhiteElo "1524"]
[BlackElo "1890"]
[EventDate "2012.10.12"]
[PlyCount "101"]

1.e4 e5 2.Nc3 Nf6 3.Bc4 Be7 4.d3 O-O 5.Nf3 Nc6 6.O-O d6 7.Re1 Bg4 8.h3 Bh5
9.g4 Bg6 10.Nh4 Nxe4 11.Nxg6 Nxc3 12.Nxe7+ Qxe7 13.bxc3 Qh4 14.Qf3 Kh8 15.
Re4 Qd8 16.Bd5 Ne7 17.Bxb7 Rb8 18.Ba6 f5 19.Rb4 Rxb4 20.cxb4 fxg4 21.Qxg4 
h6 22.d4 c6 23.Bd3 exd4 24.Qxd4 Rf6 25.Bb2 Qf8 26.Rf1 d5 27.Qxa7 Rf3 28.
Qd7 Nf5 29.Bxf5 Rxf5 30.f4 c5 31.Kh2 Rf7 32.Qxd5 cxb4 33.Qd4 Qe7 34.Rf2 
Kh7 35.Rg2 Qb7 36.Qe5 Re7 37.Rxg7+ Rxg7 38.Qxg7+ Qxg7 39.Bxg7 Kxg7 40.Kg3 
Kf6 41.Kg4 Kg6 42.f5+ Kf6 43.Kf4 Kf7 44.Ke5 Ke7 45.f6+ Kf7 46.Kf5 Kf8 47.
Ke6 Ke8 48.Kf5 Kf7 49.h4 Kf8 50.Kg6 h5 51.f7 1-0

[Event "21st Panam-ch"]
[Site "Mar del Plata ARG"]
[Date "2012.10.14"]
[Round "3.91"]
[White "Bigoria Escobedo, Raul"]
[Black "Caceres Recalde, Gonzalo"]
[Result "1/2-1/2"]
[WhiteElo "1868"]
[BlackElo "1582"]
[EventDate "2012.10.12"]
[PlyCount "48"]

1.d4 Nf6 2.Nf3 g6 3.Bf4 Bg7 4.c3 d6 5.Nbd2 O-O 6.e4 Nbd7 7.Bc4 Re8 8.Qb3 
Rf8 9.O-O e5 10.dxe5 dxe5 11.Be3 Ng4 12.Bg5 Qe8 13.h3 Ngf6 14.Be3 Qe7 15.
Rfe1 Nc5 16.Qb4 b6 17.Nb3 Nfd7 18.Bb5 Bf6 19.Bxd7 Nxd7 20.Qxe7 Bxe7 21.
Rad1 Bd6 22.Nbd2 Ba6 23.Nf1 Kg7 24.N1h2 Nf6 1/2-1/2

[Event "21st Panam-ch"]
[Site "Mar del Plata ARG"]
[Date "2012.10.14"]
[Round "4.3"]
[White "Valerga, Diego"]
[Black "Iturrizaga, Eduardo"]
[Result "1/2-1/2"]
[WhiteElo "2485"]
[BlackElo "2639"]
[EventDate "2012.10.12"]
[PlyCount "82"]

1.d4 Nf6 2.c4 e6 3.Nc3 Bb4 4.Qc2 d5 5.a3 Bxc3+ 6.Qxc3 O-O 7.Nf3 dxc4 8.
Qxc4 b6 9.g3 Ba6 10.Qc2 Nbd7 11.Bg2 Bb7 12.b4 Be4 13.Qb2 c5 14.dxc5 bxc5 
15.O-O Qb6 16.bxc5 Nxc5 17.Qxb6 axb6 18.Bb2 Nd5 19.Rac1 Na4 20.Ba1 Rfc8 
21.Nd4 Bxg2 22.Kxg2 h6 23.Nb5 Nc5 24.Bd4 Nb3 25.Rxc8+ Rxc8 26.Rb1 Nxd4 27.
Nxd4 Rc4 28.e3 Kf8 29.Rb3 Ke7 30.Kf3 f5 31.Ke2 g5 32.Kd2 g4 33.Ne2 Rc6 34.
Nc3 Nf6 35.Rb5 Kd6 36.a4 h5 37.a5 bxa5 38.Rxa5 Rb6 39.Rb5 Ra6 40.Ke2 Ra1 
41.Rb6+ Ke5 1/2-1/2

[Event "21st Panam-ch"]
[Site "Mar del Plata ARG"]
[Date "2012.10.14"]
[Round "4.4"]
[White "Leitao, Rafael"]
[Black "Hungaski, Robert"]
[Result "1/2-1/2"]
[WhiteElo "2617"]
[BlackElo "2451"]
[EventDate "2012.10.12"]
[PlyCount "75"]

1.d4 Nf6 2.c4 e6 3.Nf3 Bb4+ 4.Nbd2 O-O 5.a3 Be7 6.e4 d5 7.e5 Nfd7 8.Bd3 c5
9.O-O Nc6 10.Re1 a5 11.Nb3 dxc4 12.Bxc4 a4 13.Nxc5 Nxc5 14.dxc5 Qxd1 15.
Rxd1 Na5 16.Ba2 Bxc5 17.Bd2 b6 18.Bb4 Bb7 19.Bxc5 bxc5 20.Rac1 Rfc8 21.Rc2
Be4 22.Re2 Bxf3 23.gxf3 Nc6 24.Kg2 Nd4 25.Red2 Rcb8 26.Rc1 Ra5 27.Rc4 g5 
28.Bb1 Rab5 29.Be4 Rxb2 30.Rxb2 Rxb2 31.Rxc5 Ra2 32.f4 Rxa3 33.fxg5 Ne2 
34.f3 Nc3 35.Bc2 Nd5 36.Be4 Nc3 37.Bc2 Nd5 38.Be4 1/2-1/2

[Event "21st Panam-ch"]
[Site "Mar del Plata ARG"]
[Date "2012.10.14"]
[Round "4.5"]
[White "Julia, Ernesto"]
[Black "Mareco, Sandro"]
[Result "1/2-1/2"]
[WhiteElo "2370"]
[BlackElo "2581"]
[EventDate "2012.10.12"]
[PlyCount "48"]

1.Nf3 Nf6 2.c4 e6 3.g3 d5 4.Bg2 dxc4 5.Qa4+ Nbd7 6.Qxc4 a6 7.Qc2 c5 8.d3 
b6 9.O-O Bb7 10.b3 Be7 11.Bb2 O-O 12.Nbd2 Rc8 13.Rac1 b5 14.Rfd1 Rc7 15.
Qb1 Qa8 16.Qa1 Rfc8 17.Nf1 a5 18.a4 c4 19.bxc4 bxc4 20.Rxc4 Rxc4 21.dxc4 
Nb6 22.Ne3 Nxc4 23.Nxc4 Rxc4 24.Rc1 Rxc1+ 1/2-1/2

[Event "21st Panam-ch"]
[Site "Mar del Plata ARG"]
[Date "2012.10.14"]
[Round "4.6"]
[White "Bacallao Alonso, Yusnel"]
[Black "Tristan, Leonardo"]
[Result "1/2-1/2"]
[WhiteElo "2580"]
[BlackElo "2442"]
[EventDate "2012.10.12"]
[PlyCount "66"]

1.Nf3 d6 2.d4 f5 3.Nc3 Nf6 4.Bg5 Nbd7 5.Qd3 g6 6.e4 fxe4 7.Nxe4 Bg7 8.Ng3 
c5 9.Qd2 cxd4 10.Nxd4 Nc5 11.Bxf6 Bxf6 12.h4 Bd7 13.c3 Qb6 14.Bc4 O-O-O 
15.O-O-O d5 16.Be2 e5 17.Nc2 Be6 18.Kb1 Na4 19.Na3 Be7 20.Ka1 Kb8 21.Bb5 
Nxb2 22.Qxb2 Bxa3 23.Qxa3 Qxb5 24.Rhe1 Qb6 25.Rxe5 Qxf2 26.Rxe6 Qxg3 27.
Re7 Rhe8 28.Qa5 Rc8 29.Rxb7+ Kxb7 30.Qb5+ Kc7 31.Qc5+ Kd7 32.Qxd5+ Ke7 33.
Qd7+ Kf8 1/2-1/2

[Event "21st Panam-ch"]
[Site "Mar del Plata ARG"]
[Date "2012.10.14"]
[Round "4.7"]
[White "Roselli Mailhe, Bernardo"]
[Black "Flores, Diego"]
[Result "1-0"]
[WhiteElo "2430"]
[BlackElo "2598"]
[EventDate "2012.10.12"]
[PlyCount "197"]

1.d4 Nf6 2.c4 g6 3.Nc3 Bg7 4.Nf3 d6 5.Bf4 O-O 6.e3 c6 7.Be2 a6 8.O-O b5 9.
Rc1 Bb7 10.b3 Nbd7 11.h3 Re8 12.Bh2 Qa5 13.Qc2 Rac8 14.Rfd1 c5 15.d5 b4 
16.Nb1 Rcd8 17.Bd3 Qc7 18.Re1 e5 19.Nbd2 a5 20.Kh1 a4 21.Ng1 Ra8 22.f4 
axb3 23.axb3 Ra3 24.Ngf3 Rea8 25.f5 Ra2 26.Qd1 Re8 27.Bb1 Ra1 28.Bc2 Rxc1 
29.Qxc1 Ra8 30.g4 Ra2 31.Bb1 Ra1 32.Qc2 Nb6 33.g5 Nfxd5 34.cxd5 Nxd5 35.f6
Bf8 36.Qb2 Ra8 37.Kg1 Nc3 38.e4 Qc8 39.Kg2 Qe6 40.Rc1 d5 41.Rxc3 bxc3 42.
Qxc3 dxe4 43.Bxe4 Bxe4 44.Nxe4 Ra2+ 45.Nfd2 c4 46.bxc4 Ra3 47.Qxe5 Qxh3+ 
48.Kf2 Qe3+ 49.Kf1 Ra2 50.Bf4 Qd3+ 51.Kf2 Qxc4 52.Be3 Qc6 53.Ke2 Ra8 54.
Qd4 Re8 55.Qb6 Qd5 56.Qd4 Qf5 57.Qa4 Qg4+ 58.Kf2 Re5 59.Qa8 Rf5+ 60.Ke1 
Qh3 61.Ke2 Qh1 62.Qe8 Qh2+ 63.Kd1 Rd5 64.Qa8 Qe5 65.Ke2 Ra5 66.Qd8 Ra2 67.
Qd4 Qe6 68.Nc3 Ra3 69.Nce4 Ra8 70.Qc4 Qg4+ 71.Kf2 Ra5 72.Qc7 Rf5+ 73.Ke1 
Qg2 74.Qc8 Ra5 75.Qc3 Ra4 76.Qe5 Qh1+ 77.Ke2 Ra1 78.Bd4 Qd1+ 79.Kd3 Ra3+ 
80.Bc3 Ra8 81.Ke3 Rd8 82.Kf2 Qc2 83.Ke2 Qd3+ 84.Kf2 Rd5 85.Qg3 Bc5+ 86.Kg2
Qe2+ 87.Kh1 Rd3 88.Qb8+ Bf8 89.Bb4 Qe1+ 90.Kg2 Rxd2+ 91.Nxd2 Qe2+ 92.Kg3 
Qe1+ 93.Kg2 Qe2+ 94.Kg3 Qe1+ 95.Kf3 Qh1+ 96.Ke3 Qh3+ 97.Nf3 Qe6+ 98.Kf2 
Qa2+ 99.Kg3 1-0

[Event "21st Panam-ch"]
[Site "Mar del Plata ARG"]
[Date "2012.10.14"]
[Round "4.8"]
[White "Kanefsck, Gustavo"]
[Black "Shabalov, Alexander"]
[Result "1/2-1/2"]
[WhiteElo "2358"]
[BlackElo "2570"]
[EventDate "2012.10.12"]
[PlyCount "26"]

1.d4 Nf6 2.Nf3 g6 3.g3 b6 4.Bg2 Bb7 5.c4 Bg7 6.Nc3 O-O 7.O-O Ne4 8.Nxe4 
Bxe4 9.Bf4 c5 10.Be5 Bxe5 11.Nxe5 Bxg2 12.Kxg2 Qc7 13.Rc1 Nc6 1/2-1/2

[Event "21st Panam-ch"]
[Site "Mar del Plata ARG"]
[Date "2012.10.14"]
[Round "4.9"]
[White "Matamoros Franco, Carlos"]
[Black "Diaz Hollemaert, Nahuel"]
[Result "1/2-1/2"]
[WhiteElo "2534"]
[BlackElo "2408"]
[EventDate "2012.10.12"]
[PlyCount "93"]

1.c4 Nf6 2.g3 e6 3.Bg2 d5 4.Nf3 c6 5.O-O Nbd7 6.d4 Bd6 7.Nc3 O-O 8.Nd2 Bc7
9.e4 dxc4 10.e5 Nd5 11.Nxc4 b6 12.Re1 Ba6 13.Nxd5 cxd5 14.Ne3 b5 15.Ng4 
Rc8 16.h4 Ba5 17.Bd2 Rc4 18.Bxa5 Qxa5 19.Bf1 Rc7 20.h5 b4 21.Bxa6 Qxa6 22.
h6 f5 23.exf6 Nxf6 24.hxg7 Rxg7 25.Nxf6+ Rxf6 26.Re5 Rc7 27.Qd2 Qb6 28.
Qg5+ Kf7 29.Qh4 h6 30.Rae1 Rc4 31.Qh5+ Kg7 32.Rxd5 Rxd4 33.Rxd4 Qxd4 34.
Qe2 a5 35.Rc1 e5 36.b3 Rd6 37.Rc7+ Kg6 38.Kh2 Rf6 39.Kg1 h5 40.Rc4 Qd5 41.
Qc2+ Kh6 42.Rc5 Qd4 43.Rc7 e4 44.Re7 Rf3 45.Rxe4 Rxf2 46.Qxf2 Qxe4 47.Qf6+
1/2-1/2

[Event "21st Panam-ch"]
[Site "Mar del Plata ARG"]
[Date "2012.10.14"]
[Round "4.10"]
[White "Toth, Christian Endre"]
[Black "Hernandez Guerrero, Gilberto"]
[Result "0-1"]
[WhiteElo "2357"]
[BlackElo "2531"]
[EventDate "2012.10.12"]
[PlyCount "54"]

1.d4 Nf6 2.c4 e6 3.g3 Bb4+ 4.Bd2 Qe7 5.Bg2 Nc6 6.Nf3 Bxd2+ 7.Nbxd2 O-O 8.
O-O d6 9.e4 e5 10.d5 Nb8 11.Ne1 a5 12.Nd3 Na6 13.Qc2 Bd7 14.b3 c6 15.dxc6 
Bxc6 16.Rac1 h6 17.Rfe1 Rfc8 18.Nb1 b5 19.Qd2 b4 20.a4 bxa3 21.Nxa3 Qb7 
22.Rb1 Nxe4 23.Qe3 Ng5 24.h4 Bxg2 25.hxg5 hxg5 26.Nb5 Rd8 27.Kh2 g4 0-1

[Event "21st Panam-ch"]
[Site "Mar del Plata ARG"]
[Date "2012.10.14"]
[Round "4.12"]
[White "Fernandez, Maria Florencia"]
[Black "Cori Tello, Jorge"]
[Result "1/2-1/2"]
[WhiteElo "2138"]
[BlackElo "2522"]
[EventDate "2012.10.12"]
[PlyCount "60"]

1.d4 d5 2.Nf3 Nf6 3.c4 c6 4.Nc3 a6 5.e3 b5 6.cxd5 cxd5 7.Bd3 e6 8.O-O Nc6 
9.e4 Nb4 10.e5 Nd7 11.Bb1 Be7 12.Be3 Nb6 13.Nd2 Bb7 14.Qg4 g6 15.Bh6 Nc4 
16.Nxc4 dxc4 17.a4 Bc6 18.axb5 axb5 19.Be4 Nd5 20.Qe2 Bf8 21.Bxf8 Kxf8 22.
Bxd5 exd5 23.e6 f6 24.Qe3 Ke7 25.Rxa8 Qxa8 26.Qh6 Qf8 27.Qf4 Qb8 28.Qh6 
Qf8 29.Qf4 Qb8 30.Qh6 Qf8 1/2-1/2

[Event "21st Panam-ch"]
[Site "Mar del Plata ARG"]
[Date "2012.10.14"]
[Round "4.13"]
[White "Ricardi, Pablo"]
[Black "Martinez Romero, Martin"]
[Result "1-0"]
[WhiteElo "2505"]
[BlackElo "2368"]
[EventDate "2012.10.12"]
[PlyCount "79"]

1.Nf3 c5 2.g3 g6 3.Bg2 Bg7 4.O-O Nc6 5.c3 Nf6 6.d4 cxd4 7.cxd4 d5 8.Nc3 
Ne4 9.Nd2 f5 10.Ndxe4 fxe4 11.Be3 O-O 12.Qb3 e6 13.Rad1 b6 14.f3 Na5 15.
Qc2 exf3 16.exf3 Bd7 17.Rfe1 b5 18.a3 Qb6 19.Bf2 Nc4 20.Ne2 Rac8 21.Qb1 b4
22.Nf4 Rc6 23.axb4 Qxb4 24.Nd3 Qb5 25.Nc5 Rxc5 26.dxc5 Nxb2 27.Rc1 Nd3 28.
c6 Qxb1 29.Rxb1 Nxe1 30.cxd7 Nxg2 31.Bxa7 Ne1 32.Rxe1 Rd8 33.Rxe6 Rxd7 34.
Be3 Kf7 35.Ra6 h5 36.Kf1 Be5 37.Ke2 Rb7 38.f4 Rb2+ 39.Kf3 Bf6 40.Rxf6+ 1-0

[Event "21st Panam-ch"]
[Site "Mar del Plata ARG"]
[Date "2012.10.14"]
[Round "4.14"]
[White "Perez Ponsa, Federico"]
[Black "Estrada Nieto, Julian"]
[Result "1-0"]
[WhiteElo "2489"]
[BlackElo "2310"]
[EventDate "2012.10.12"]
[PlyCount "59"]

1.e4 e5 2.Nf3 Nc6 3.Bb5 Nge7 4.Nc3 g6 5.d4 exd4 6.Nd5 Bg7 7.Bg5 h6 8.Bf6 
Bxf6 9.Nxf6+ Kf8 10.Qd2 Nf5 11.Nd5 Nh4 12.Nxh4 Qxh4 13.O-O-O Qd8 14.Bxc6 
dxc6 15.Qxd4 f6 16.Nxf6 Qxd4 17.Rxd4 Ke7 18.e5 Be6 19.Rhd1 g5 20.a3 a5 21.
g3 c5 22.R4d2 Kf7 23.f4 gxf4 24.gxf4 Kg6 25.Rg1+ Kf5 26.Nh5 Bf7 27.Ng7+ 
Ke4 28.Re1+ Kf3 29.e6 Be8 30.f5 1-0

[Event "21st Panam-ch"]
[Site "Mar del Plata ARG"]
[Date "2012.10.14"]
[Round "4.15"]
[White "Real De Azua, Ernesto"]
[Black "Nina Campos, Miguel Angel"]
[Result "1-0"]
[WhiteElo "2482"]
[BlackElo "2298"]
[EventDate "2012.10.12"]
[PlyCount "69"]

1.c4 Nf6 2.Nc3 g6 3.e4 d6 4.d4 Bg7 5.Nf3 O-O 6.Be2 e5 7.O-O Nc6 8.d5 Ne7 
9.Ne1 Nd7 10.Nd3 f5 11.Bd2 Nf6 12.f3 f4 13.c5 g5 14.Rc1 a6 15.a4 h5 16.
cxd6 cxd6 17.Nf2 Kh7 18.h3 Neg8 19.Nb1 Nh6 20.Na3 Rg8 21.Nc4 b6 22.a5 b5 
23.Nb6 Rb8 24.Nxc8 Rxc8 25.Rxc8 Qxc8 26.Qb3 Qd7 27.Rc1 Rc8 28.Rxc8 Qxc8 
29.Qc3 Qa8 30.Qc6 Qxc6 31.dxc6 Ne8 32.Bxb5 axb5 33.a6 Nc7 34.a7 Ng8 35.Ba5
1-0

[Event "21st Panam-ch"]
[Site "Mar del Plata ARG"]
[Date "2012.10.14"]
[Round "4.16"]
[White "Slipak, Sergio"]
[Black "Sabas, Jorge"]
[Result "1/2-1/2"]
[WhiteElo "2447"]
[BlackElo "2274"]
[EventDate "2012.10.12"]
[PlyCount "49"]

1.d4 Nf6 2.Nf3 g6 3.c4 Bg7 4.Nc3 O-O 5.Bg5 c5 6.d5 d6 7.e3 b5 8.cxb5 a6 9.
a4 Qa5 10.Nd2 axb5 11.Bxb5 h6 12.Bh4 Qb4 13.Bxf6 Bxf6 14.O-O Bxc3 15.bxc3 
Qxc3 16.Nc4 Ba6 17.Ra3 Qf6 18.Bxa6 Nxa6 19.e4 Rfb8 20.Qc1 Rb4 21.e5 dxe5 
22.Rf3 Qg5 23.Qxg5 hxg5 24.Nxe5 Rf4 25.Rxf4 1/2-1/2

[Event "21st Panam-ch"]
[Site "Mar del Plata ARG"]
[Date "2012.10.14"]
[Round "4.17"]
[White "Fiora, Emilio"]
[Black "Felgaer, Ruben"]
[Result "0-1"]
[WhiteElo "1954"]
[BlackElo "2579"]
[EventDate "2012.10.12"]
[PlyCount "64"]

1.e4 c5 2.Nc3 Nc6 3.d3 g6 4.g3 Bg7 5.Bg2 d6 6.Be3 Nd4 7.f4 e6 8.Nf3 Ne7 9.
O-O O-O 10.Bf2 Nxf3+ 11.Qxf3 b6 12.f5 Nc6 13.Be3 Ne5 14.Qe2 exf5 15.exf5 
Bxf5 16.Bxa8 Qxa8 17.Qg2 Qc8 18.Nd5 Re8 19.Rf2 Ng4 20.Re2 Nxe3 21.Nxe3 Bd4
22.Kh1 Rxe3 23.Rxe3 Bxe3 24.Re1 Bd4 25.c3 Be5 26.Qd5 Bd7 27.Kg1 Bc6 28.Qc4
Qh3 29.Re2 b5 30.Qb3 Qg4 31.Rf2 c4 32.dxc4 Qe4 0-1

[Event "21st Panam-ch"]
[Site "Mar del Plata ARG"]
[Date "2012.10.14"]
[Round "4.18"]
[White "Santos, Haroldo Cunha dos"]
[Black "Kaidanov, Gregory"]
[Result "0-1"]
[WhiteElo "2263"]
[BlackElo "2587"]
[EventDate "2012.10.12"]
[PlyCount "66"]

1.d4 d5 2.Nf3 Nf6 3.Bf4 c5 4.c3 Nc6 5.e3 Qb6 6.Qc2 g6 7.Nbd2 Bg7 8.Be2 Bf5
9.Qb3 c4 10.Qa3 O-O 11.b3 cxb3 12.axb3 Nh5 13.O-O Nxf4 14.exf4 Bh6 15.g3 
a5 16.Rfe1 f6 17.Nf1 e5 18.Ne3 Be4 19.Ng4 Bg7 20.fxe5 fxe5 21.Ng5 exd4 22.
Qd6 dxc3 23.Bc4 dxc4 24.Rxe4 Qd8 25.Qe6+ Kh8 26.Nf7+ Rxf7 27.Qxf7 Qg8 28.
Qxg8+ Kxg8 29.Rxc4 Nd4 30.Ne3 Nxb3 31.Ra3 Nd4 32.Kf1 b5 33.Rc5 Bf8 0-1

[Event "21st Panam-ch"]
[Site "Mar del Plata ARG"]
[Date "2012.10.14"]
[Round "4.19"]
[White "Lingua, Alejo"]
[Black "Barbosa, Evandro Amorim"]
[Result "1/2-1/2"]
[WhiteElo "2232"]
[BlackElo "2427"]
[EventDate "2012.10.12"]
[Annotator "Damian"]
[PlyCount "89"]

1.e4 c5 2.Nf3 e6 3.d3 Nc6 4.g3 g6 5.Bg2 Bg7 6.O-O Nge7 7.Re1 e5 8.c3 O-O 
9.Na3 d6 10.Nc2 f5 11.exf5 gxf5 12.d4 cxd4 13.cxd4 e4 14.Ng5 d5 15.b4 h6 
16.Nh3 Be6 17.Nf4 Bf7 18.b5 Na5 19.Ba3 Nc4 20.Bb4 Qd7 21.Ne3 Rfe8 22.Bh3 
Nxe3 23.fxe3 Ng6 24.Nh5 Qxb5 25.Nxg7 Kxg7 26.Rb1 Qd7 27.Rf1 Be6 28.Qh5 f4 
29.Bxe6 Rxe6 30.exf4 Rf6 31.f5 Nh8 32.Bd2 Nf7 33.g4 Rg8 34.Bf4 Kf8 35.Rbc1
Ng5 36.Rc7 Qe8 37.Qxe8+ Kxe8 38.Rxb7 Rb6 39.Rc7 Nf3+ 40.Kf2 Rb2+ 41.Kg3 h5
42.g5 h4+ 43.Kh3 Nxg5+ 44.Bxg5 Rxg5 45.f6 {Ilegible} 1/2-1/2

[Event "21st Panam-ch"]
[Site "Mar del Plata ARG"]
[Date "2012.10.14"]
[Round "4.20"]
[White "Soppe, Guillermo"]
[Black "Espinoza Palomino, Willyam"]
[Result "1/2-1/2"]
[WhiteElo "2417"]
[BlackElo "2265"]
[EventDate "2012.10.12"]
[PlyCount "105"]

1.Nf3 Nf6 2.g3 g6 3.b4 Bg7 4.Bb2 c6 5.Na3 O-O 6.Rb1 d5 7.Bg2 Nbd7 8.c4 Re8
9.O-O a6 10.cxd5 cxd5 11.d3 Nb6 12.Qb3 Bd7 13.Bd4 Bg4 14.Nc2 Nfd7 15.Bxg7 
Kxg7 16.a4 Bxf3 17.Bxf3 e6 18.a5 Nc8 19.e4 Ne5 20.Bg2 dxe4 21.dxe4 Nc6 22.
e5 Qc7 23.Qc3 N8e7 24.Rbc1 Rac8 25.Ne3 Qb8 26.Qb2 Red8 27.Nc4 Nd4 28.Nd6 
Rxc1 29.Rxc1 Nec6 30.Bxc6 Nxc6 31.f4 Qa7+ 32.Qf2 Qxf2+ 33.Kxf2 Rd7 34.Rc4 
Na7 35.Ke3 h6 36.Ne8+ Kf8 37.Nf6 Re7 38.Kd3 Nc6 39.Ke4 Kg7 40.g4 g5 41.h4 
gxh4 42.Kf3 Kf8 43.Kg2 Rc7 44.Kh3 Rc8 45.Kxh4 Rd8 46.Ne4 Rd4 47.Rxd4 Nxd4 
48.Nc5 Nc6 49.Nd3 Kg7 50.Kg3 Kg6 51.Kf3 h5 52.gxh5+ Kxh5 53.Kg3 1/2-1/2

[Event "21st Panam-ch"]
[Site "Mar del Plata ARG"]
[Date "2012.10.14"]
[Round "4.21"]
[White "Anino, Sergio"]
[Black "Cori Tello, Deysi"]
[Result "0-1"]
[WhiteElo "2226"]
[BlackElo "2411"]
[EventDate "2012.10.12"]
[PlyCount "58"]

1.d4 Nf6 2.c4 e6 3.Nf3 b6 4.a3 Bb7 5.Nc3 Ne4 6.Nxe4 Bxe4 7.e3 Be7 8.Be2 
O-O 9.O-O d6 10.b4 Nd7 11.Bb2 c5 12.Nd2 Bb7 13.Bd3 f5 14.Qc2 Bf6 15.e4 
Bxd4 16.Bxd4 cxd4 17.exf5 Ne5 18.f6 Qxf6 19.Bxh7+ Kh8 20.Be4 d5 21.cxd5 
exd5 22.Bf3 Rac8 23.Qd1 Rc3 24.Be2 d3 25.Bg4 Rc2 26.Bh3 Qh6 27.f4 Ng6 28.
Rf3 Nxf4 29.Rxd3 Nxd3 0-1

[Event "21st Panam-ch"]
[Site "Mar del Plata ARG"]
[Date "2012.10.14"]
[Round "4.23"]
[White "Molina, Roberto Junio Brito"]
[Black "Bouwman, Marcelo Wanderley"]
[Result "1-0"]
[WhiteElo "2400"]
[BlackElo "2233"]
[EventDate "2012.10.12"]
[PlyCount "99"]

1.d4 e6 2.c4 f5 3.g3 Nf6 4.Bg2 c6 5.Nf3 d5 6.O-O Bd6 7.Qc2 O-O 8.Ne5 c5 9.
cxd5 cxd4 10.Nc4 Nxd5 11.Nxd6 Qxd6 12.Na3 Nc6 13.Rd1 Bd7 14.Nb5 Qb4 15.Qd3
Qc5 16.Nxd4 Ndb4 17.Nb3 Nxd3 18.Nxc5 Nxc5 19.Be3 Rfd8 20.Bxc5 Be8 21.Rac1 
b6 22.Rxd8 Rxd8 23.Bxc6 bxc5 24.Bxe8 Rxe8 25.Rxc5 Re7 26.Rc8+ Kf7 27.Rb8 
Rc7 28.f4 h6 29.h4 Ke7 30.h5 Kf6 31.Kf2 e5 32.Rf8+ Ke7 33.Rxf5 exf4 34.
gxf4 Rc2 35.Rb5 a6 36.Rb6 Rc5 37.Rxa6 Rxh5 38.a4 Rh2+ 39.Kf1 Rh4 40.e3 Rh3
41.Ra5 Kd6 42.Re5 Rh2 43.Rb5 Kc6 44.Rb3 Kd5 45.a5 Kc4 46.Rb7 Kd3 47.a6 
Kxe3 48.a7 Rh1+ 49.Kg2 Ra1 50.Rb3+ 1-0

[Event "21st Panam-ch"]
[Site "Mar del Plata ARG"]
[Date "2012.10.14"]
[Round "4.24"]
[White "Zuriel, Marisa"]
[Black "Zuluaga Mancilla, Cesar"]
[Result "1-0"]
[WhiteElo "2217"]
[BlackElo "2394"]
[EventDate "2012.10.12"]
[PlyCount "69"]

1.e4 c5 2.Nf3 e6 3.d4 cxd4 4.Nxd4 a6 5.Bd3 Qc7 6.O-O Nf6 7.c4 Nc6 8.Nxc6 
dxc6 9.f4 Bc5+ 10.Kh1 e5 11.f5 h6 12.Nd2 b6 13.Qe2 Be7 14.b3 Bb7 15.Bb2 
Nd7 16.a3 a5 17.Nf3 Rd8 18.Rad1 O-O 19.Bc2 f6 20.Nh4 Rfe8 21.Bc1 Nf8 22.
Qg4 Kh8 23.Rde1 Bc5 24.Rf3 Qf7 25.Ref1 Bc8 26.Rg3 Rd4 27.Ng6+ Nxg6 28.fxg6
Qe6 29.Qh4 Bf8 30.Bxh6 gxh6 31.Rxf6 Qd7 32.g7+ Bxg7 33.Rxh6+ Kg8 34.Rh8+ 
Kf7 35.Qh5+ 1-0

[Event "21st Panam-ch"]
[Site "Mar del Plata ARG"]
[Date "2012.10.14"]
[Round "4.25"]
[White "Rosito, Jorge"]
[Black "Assumpcao, Roberto"]
[Result "1-0"]
[WhiteElo "2387"]
[BlackElo "2218"]
[EventDate "2012.10.12"]
[PlyCount "73"]

1.e4 Nf6 2.e5 Nd5 3.d4 d6 4.Nf3 dxe5 5.Nxe5 c6 6.Bc4 Nd7 7.Nf3 N7f6 8.h3 
Bf5 9.O-O h6 10.Re1 e6 11.Bf1 Qc7 12.c4 Nb4 13.Na3 O-O-O 14.Be3 Kb8 15.Ne5
g5 16.Qa4 Nd7 17.Nxd7+ Qxd7 18.Rad1 Be7 19.d5 c5 20.Qb3 Qc7 21.Nb5 Qc8 22.
Nxa7 Kxa7 23.Qxb4 Kb8 24.Qc3 h5 25.b4 Rhg8 26.bxc5 Bxc5 27.Qe5+ Ka8 28.d6 
b6 29.g3 Bc2 30.Bg2+ Ka7 31.d7 Rxd7 32.Rxd7+ Qxd7 33.Bxc5 bxc5 34.Qxc5+ 
Kb8 35.Rc1 Qd2 36.Qb6+ Kc8 37.Qb2 1-0

[Event "21st Panam-ch"]
[Site "Mar del Plata ARG"]
[Date "2012.10.14"]
[Round "4.26"]
[White "Fusco, Leonardo"]
[Black "Paniagua Chnelik, Sebastian"]
[Result "1-0"]
[WhiteElo "2379"]
[BlackElo "2204"]
[EventDate "2012.10.12"]
[PlyCount "81"]

1.e4 e5 2.Nf3 Nc6 3.Bb5 a6 4.Ba4 Nf6 5.O-O Be7 6.Re1 b5 7.Bb3 O-O 8.c3 d5 
9.exd5 Nxd5 10.Nxe5 Nxe5 11.Rxe5 c6 12.d3 Bd6 13.Re1 Qh4 14.g3 Qh3 15.Re4 
Qd7 16.Re1 Qh3 17.Re4 Qd7 18.Nd2 Bb7 19.Re1 c5 20.Ne4 Qc6 21.Qh5 Rae8 22.
Bxd5 Qxd5 23.Qxd5 Bxd5 24.Bg5 h6 25.Nxd6 Rxe1+ 26.Rxe1 hxg5 27.Re5 Bxa2 
28.Rxc5 Rd8 29.Rc6 a5 30.Kf1 b4 31.Ke2 bxc3 32.bxc3 a4 33.Ra6 Bb1 34.c4 a3
35.c5 a2 36.Kd2 Kf8 37.Kc3 Rd7 38.d4 Rc7 39.Kc4 Ke7 40.Nb5 Rb7 41.Ra5 1-0

[Event "21st Panam-ch"]
[Site "Mar del Plata ARG"]
[Date "2012.10.14"]
[Round "4.27"]
[White "Ferro, Ezequiel"]
[Black "Lujan, Carolina"]
[Result "1-0"]
[WhiteElo "2214"]
[BlackElo "2379"]
[EventDate "2012.10.12"]
[PlyCount "99"]

1.c4 e5 2.g3 Nc6 3.Bg2 d6 4.Nc3 g6 5.d3 Bg7 6.Nf3 h6 7.O-O Be6 8.Rb1 Nge7 
9.b4 Qd7 10.b5 Nd8 11.Re1 O-O 12.a4 f5 13.Bd2 f4 14.Ne4 g5 15.c5 d5 16.c6 
bxc6 17.Nc5 Qc8 18.Nxe6 Qxe6 19.Bb4 Rf7 20.Nd2 cxb5 21.axb5 Rb8 22.Qa4 Nc8
23.Nb3 Nb6 24.Qa6 g4 25.Nc5 Qf5 26.e4 Qg6 27.exd5 f3 28.Bf1 h5 29.d4 h4 
30.dxe5 hxg3 31.hxg3 Bf8 32.Ne4 Bg7 33.e6 Rf5 34.Qxa7 Rc8 35.d6 Nxe6 36.
Qa2 Kh8 37.dxc7 Rh5 38.Nf6 Ng5 39.Nxh5 Qxh5 40.Qd2 Nd5 41.Qxd5 Nh3+ 42.
Bxh3 Qxd5 43.Rbd1 Qc4 44.Rd8+ Kh7 45.Bf1 Qxb4 46.Bd3+ Kh6 47.Re6+ Bf6 48.
Rxf6+ Kg7 49.Rg6+ Kf7 50.Rxc8 1-0

[Event "21st Panam-ch"]
[Site "Mar del Plata ARG"]
[Date "2012.10.14"]
[Round "4.28"]
[White "Gascon Del Nogal, Jose Rafael"]
[Black "Santiago, Yago de Moura"]
[Result "1-0"]
[WhiteElo "2206"]
[BlackElo "2364"]
[EventDate "2012.10.12"]
[PlyCount "73"]

1.e4 c5 2.Nf3 d6 3.d4 cxd4 4.Nxd4 Nf6 5.Nc3 g6 6.Be3 Bg7 7.f3 O-O 8.Qd2 
Nc6 9.O-O-O d5 10.Qe1 e5 11.Nxc6 bxc6 12.exd5 Nxd5 13.Bc4 Be6 14.Bc5 Re8 
15.Ne4 f5 16.Nd6 Re7 17.Bb3 Rd7 18.Nc4 Qg5+ 19.Kb1 Rad8 20.Ka1 Qf6 21.Rb1 
Bf7 22.Qa5 Nf4 23.Bb4 Ne2 24.Rhd1 Nd4 25.Bc3 Bxc4 26.Bxc4+ Kh8 27.Bb3 Rd5 
28.Qxa7 Nb5 29.Qa5 Nxc3 30.Qxc3 Rd2 31.Rg1 Qd6 32.Qc4 e4 33.fxe4 fxe4 34.
Qxe4 Qa3 35.c3 Qxb3 36.axb3 Ra8+ 37.Qa4 1-0

[Event "21st Panam-ch"]
[Site "Mar del Plata ARG"]
[Date "2012.10.14"]
[Round "4.30"]
[White "Fabian, Gaston"]
[Black "Pardo Agudelo, Alejandro"]
[Result "1-0"]
[WhiteElo "2344"]
[BlackElo "2181"]
[EventDate "2012.10.12"]
[PlyCount "57"]

1.d4 Nf6 2.c4 g6 3.Nc3 Bg7 4.e4 d6 5.f3 O-O 6.Be3 c5 7.Nge2 cxd4 8.Nxd4 
Nc6 9.Be2 Bd7 10.O-O Ne5 11.Qd2 Rc8 12.b3 Re8 13.Rac1 a6 14.Nd5 Nxd5 15.
cxd5 Rxc1 16.Rxc1 Qb8 17.f4 Ng4 18.Bxg4 Bxg4 19.f5 gxf5 20.exf5 Bxd4 21.
Bxd4 Bxf5 22.Qg5+ Bg6 23.h4 f6 24.Qg4 Kh8 25.h5 Bf7 26.h6 Rg8 27.Qf5 Qd8 
28.Rc8 Bg6 29.Qe6 1-0